Hargeisa Airport Destinations (Hargeisa, Somalia) - Statistics

General Stats
  • This quiz has been taken 31 times
  • The average score is 7 of 10
Answer Stats
Airline Destination % Correct
Ethiopian Airlines Addis Ababa
100%
African Express Airways/Daallo Airlines/flydubai/Jubba Airways Dubai (International)
96%
African Express Airways Nairobi (Jomo Kenyatta)
89%
African Express Airways/Daallo Airlines/Freedom Airline Express/Jubba Airways Mogadishu
85%
Daallo Airlines Djibouti
74%
Daallo Airlines/Jubba Airwyas Jeddah
56%
African Express Airways Cairo
52%
Jubba Airways Bosaso
44%
African Express Airways Berbera
41%
African Express Airways Sharjah
22%
No matching quizzes found
Score Distribution
Percent of People with Each Score
Percentile by Number Answered
Your Score History
You have not taken this quiz